000 01059cam a2200301 4500
008
020 _a019855415X (pbk. )
049 _aMAIN
090 _aTP1142.S75
_bCHE
100 1 _aStern, E. S.
245 1 0 _aFine chemicals for polymers /
_cedited by E.S. Stern.
260 _aOxford,
_bClarendon Press,
_c1973.
300 _avii, 88 p.
_bill.
_c22 cm.
490 1 _aUnited States. Congress. House. House Information Systems. The chemist in industry,
_v1.
490 1 _aOxford chemistry series,
_vno. 12.
504 _aIncludes bibliographical references.
650 0 _aPolymers
_xAdditives.
650 0 _aDyes and dyeing
_xTextile fibers, Synthetic.
650 0 _aTextile chemicals.
650 0 _aPolymerization.
810 1 _aUnited States.
_bCongress.
_bHouse.
_bHouse Information Systems.
_tChemist in industry,
_v1.
830 0 _aOxford chemistry series,
_v12.
907 _a.b10232965
_b20-03-12
_c19-02-07
003
005 20230123134402.0
040 _cNUST
942 _cBOOKS
_kTP1142.S75
_mCHE
999 _c164992
_d164992